MARC details
| 000 -CABECERA |
| campo de control de longitud fija |
01616nam a2200325 i 4500 |
| 001 - NÚMERO DE CONTROL |
| campo de control |
991061727880706706 |
| 003 - IDENTIFICADOR DEL NÚMERO DE CONTROL |
| campo de control |
ES-BaIT |
| 005 - FECHA Y HORA DE LA ÚLTIMA TRANSACCIÓN |
| campo de control |
20260227104956.0 |
| 008 - DATOS DE LONGITUD FIJA--INFORMACIÓN GENERAL |
| campo de control de longitud fija |
260227e202504 fr r 000 d fre c |
| 020 ## - NÚMERO INTERNACIONAL ESTÁNDAR DEL LIBRO |
| Número Internacional Estándar del Libro |
9782749816883 |
| 040 ## - FUENTE DE LA CATALOGACIÓN |
| Centro catalogador/agencia de origen |
ES-BaIT |
| Lengua de catalogación |
cat |
| Normas de descripción |
rda |
| Centro/agencia transcriptor |
ES-BaIT |
| 080 ## - NÚMERO DE LA CLASIFICACIÓN DECIMAL UNIVERSAL |
| Número de la Clasificación Decimal Universal |
840-2"20" |
| 100 1# - ENTRADA PRINCIPAL--NOMBRE DE PERSONA |
| Nombre de persona |
Guelfi, Xavier, |
| Fechas asociadas al nombre |
1993- |
| Término indicativo de función/relación |
autor |
| 9 (RLIN) |
168743 |
| 245 10 - MENCIÓN DE TÍTULO |
| Título |
Brasser de l'air et s'envoler / |
| Mención de responsabilidad, etc. |
Xavier Guelfi |
| 264 #1 - PRODUCCIÓN, PUBLICACIÓN, DISTRIBUCIÓN, FABRICACIÓN Y COPYRIGHT |
| Producción, publicación, distribución, fabricación y copyright |
Paris : |
| Nombre del de productor, editor, distribuidor, fabricante |
L'avant-scène théâtre, |
| Fecha de producción, publicación, distribución, fabricación o copyright |
avril 2025 |
| 300 ## - DESCRIPCIÓN FÍSICA |
| Extensión |
67 pàgines ; |
| Dimensiones |
21 cm |
| 336 ## - TIPO DE CONTENIDO |
| Término de tipo de contenido |
text |
| Código de tipo de contenido |
txt |
| Fuente |
rdacontent |
| 337 ## - TIPO DE MEDIO |
| Nombre/término del tipo de medio |
sense mediació |
| Código del tipo de medio |
n |
| Fuente |
rdamedia |
| 338 ## - TIPO DE SOPORTE |
| Nombre/término del tipo de soporte |
volum |
| Código del tipo de soporte |
nc |
| Fuente |
rdacarrier |
| 490 1# - MENCIÓN DE SERIE |
| Mención de serie |
L'Avant-scène théatre ; |
| Designación de volumen o secuencia |
no 1575 |
| 500 ## - NOTA GENERAL |
| Nota general |
P1: H1 |
| 500 ## - NOTA GENERAL |
| Nota general |
Publicat com no 1575 (avril 2025) de la revista L'Avant-scène théâtre |
| 500 ## - NOTA GENERAL |
| Nota general |
Estrena Théâtre La Flèche (París) el 3 d'octubre de 2024 |
| 520 ## - SUMARIO, ETC. |
| Sumario, etc. |
"Xavier patauge au milieu des questions existentielles, empêtré par un certain sentiment d'impuissance face aux crisis environnementales et politiques que nous traversons. À deux doigts de l'implosion, il a una illumination! Changer le monde. Redonner optimisme et foi en l'humanité... tout simplement! Il essaiera, tout au moins. Brasser de l'air et s'envolver est le premier texte dramatique de Xavier Guelfi. Acclamé par la critique, ce monologue se fraye au chemin entre humour et rêverie"-- Contracoberta |
| 650 #0 - PUNTO DE ACCESO ADICIONAL DE MATERIA--TÉRMINO DE MATERIA |
| Término de materia o nombre geográfico como elemento de entrada |
Monòlegs francesos |
| Subdivisión cronológica |
S. XXI |
| Subdivisión general |
Textos dramàtics |
| Subdivisión de forma |
Textos dramàtics |
| 9 (RLIN) |
167745 |
| 830 ## - PUNTO DE ACCESO ADICIONAL DE SERIE-TÍTULO UNIFORME |
| Título uniforme |
Avant-scène. |
| Nombre de parte o sección de la obra |
Théâtre |
| Designación de volumen o secuencia |
no 1575 |
| 9 (RLIN) |
168170 |
| 908 ## - COLOCAR PARÁMETRO DE COMANDO (RLIN) |
| Colocar parámetro de comando |
CDMAE |
| 940 ## - EQUIVALENCIA O REFERENCIA-CRUZADA--TÍTULO UNIFORME [OBSOLETO] [solamente CAN/MARC] |
| Título uniforme |
<a href="CDMAE">CDMAE</a> |
| 942 ## - ELEMENTOS DE ENTRADA AGREGADA (KOHA) |
| Fuente del sistema de clasificación o colocación |
Clasificación decimal universal |
| Tipo de ítem Koha |
Llibre |